The context of Scripture

Αποθηκεύτηκε σε:
Λεπτομέρειες βιβλιογραφικής εγγραφής
Άλλοι συγγραφείς: Hallo, William W. (Επιμελητής έκδοσης), Younger, K. Lawson (Επιμελητής έκδοσης)
Μορφή: Βιβλίο
Γλώσσα:English
Δημοσίευση: Leiden ; New York : Brill, 2000
Θέματα:
Ετικέτες: Προσθήκη ετικέτας
Δεν υπάρχουν, Καταχωρήστε ετικέτα πρώτοι!

MARC

LEADER 00000nam a2200000 i 4500
001 1/55486
008 070920s2000 eng d
020 |a 90-04-10619-7 
035 |l 10090878 
040 |a GR-MY-UA  |b gre  |e aacr 
041 0 |a eng 
082 0 |a 220.95  |2 (22) 
245 1 4 |a The context of Scripture /  |c editor, William W. Hallo ; associate editor, K.L. Younger 
260 |a  Leiden ; New York :   |b Brill,   |c 2000 
300 |a τ.2;  |c 31 εκ. 
504 |a Περιλαμβάνει βιβλιογραφίες και ευρετήριο 
650 0 0 |a Bible. O.T.  |x Criticism, interpretation, etc. 
650 0 0 |a Bible. O.T.  |x History of contemporary events. 
700 1 |a Hallo, William W.  |4 edt 
700 1 |a Younger, K. Lawson.  |4 edt 
852 |a INST  |b RHODES  |e 20070920  |h 220.95 THE  |p 005400025809  |q 005400025809  |t BK  |y 0 
901 |a BIBL4-2007-3 
909 |a Ρ  |b 138816 
922 |a 4ΕΛΗ  |b 200708  |c ΕΠΕΑΕΚ2/ΤΜΣ  |d ΠΑΠΑΣΩΤΗΡΙΟΥ 
970 |a ΜΙΣΣΟΣ  |b ΣΤΑΥΡΟΣ  |z 2007/09/20